Nhập môn phương trình vật lý- toán
Guardat en:
| Autor principal: | |
|---|---|
| Format: | Llibre |
| Idioma: | Undetermined |
| Publicat: |
TP.HCM
Đại học Quốc gia TP.HCM
2001
|
| Matèries: | |
| Accés en línia: | http://lrc.tdmu.edu.vn/opac/search/detail.asp?aID=2&ID=4085 |
| Etiquetes: |
Afegir etiqueta
Sense etiquetes, Sigues el primer a etiquetar aquest registre!
|
| Thư viện lưu trữ: | Trung tâm Học liệu Trường Đại học Thủ Dầu Một |
|---|
| LEADER | 00597nam a2200181Ia 4500 | ||
|---|---|---|---|
| 001 | TDMU_4085 | ||
| 008 | 210410s9999 xx 000 0 und d | ||
| 082 | |a 530.15 | ||
| 090 | |b N4994 | ||
| 100 | |a Nguyễn, Công Tâm | ||
| 245 | 0 | |a Nhập môn phương trình vật lý- toán | |
| 260 | |a TP.HCM | ||
| 260 | |b Đại học Quốc gia TP.HCM | ||
| 260 | |c 2001 | ||
| 300 | |a 168tr. | ||
| 650 | |a Vật lý toán |x Phương trình | ||
| 856 | |u http://lrc.tdmu.edu.vn/opac/search/detail.asp?aID=2&ID=4085 | ||
| 980 | |a Trung tâm Học liệu Trường Đại học Thủ Dầu Một | ||